NCAA FBS Nicknames - Statistics

General Stats
  • This quiz has been taken 107 times
    46 since last reset
  • The average score is 99 of 136
Answer Stats
Hint Answer % Correct
Auburn | Clemson | LSU | +2 others Tigers
100%
Arkansas Razorbacks
96%
Arizona | Kansas St | Kentucky | Northwestern Wildcats
96%
Baylor | Missouri St Bears
93%
Stanford Cardinal
93%
Alabama Crimson Tide
93%
Boise St | Western Michigan Broncos
89%
Fresno St | Georgia | Louisiana Tech | Mississippi St Bulldogs
89%
Oregon Ducks
89%
Arizona St Sun Devils
89%
Akron Zips
89%
Ohio St Buckeyes
85%
Oklahoma St | Wyoming Cowboys
85%
Notre Dame Fighting Irish
85%
Florida Gators
85%
Tulsa Golden Hurricane
85%
Iowa Hawkeyes
85%
Indiana Hoosiers
85%
Texas Longhorns
85%
NC State Wolfpack
85%
Nevada Wolf Pack
85%
New Mexico St | Texas A&M | Utah St Aggies
81%
Duke Blue Devils
81%
Buffalo | South Florida Bulls
81%
Ball State | Lousiville Cardinals
81%
Nebraska Cornhuskers
81%
BYU | Houston | Washington St Cougars
81%
Boston College | Eastern Michigan | Georgia Southern Eagles
81%
Air Force | Bowling Green Falcons
81%
Southern Miss Golden Eagles
81%
TCU Horned Frogs
81%
Northern Illinois | UConn | Washington Huskies
81%
Kansas Jayhawks
81%
FAU | Kennesaw St | Rice | Temple Owls
81%
North Carolina Tarheels
81%
Troy | USC Trojans
81%
Cincinnati Bearcats
78%
Sam Houston St Bearkats
78%
Oregon St Beavers
78%
Iowa St Cyclones
78%
Illinois Fighting Illini
78%
Appalachian St | West Virginia Mountaineers
78%
Syracuse Orange
78%
East Carolina Pirates
78%
Florida St Seminoles
78%
Oklahoma Sooners
78%
Purdue Boilermakers
74%
UCLA Bruins
74%
Jacksonville St | South Carolina Gamecocks
74%
Minnesota Golden Gophers
74%
Miami (FL) Hurricanes
74%
Navy Midshipmen
74%
FIU | Georgia St | Pitt Panthers
74%
Hawai'i Rainbow Warriors
74%
Ole Miss | UNLV Rebels
74%
Michigan St | San Jose St Spartans
74%
Tennessee Volunteers
74%
Michigan Wolverines
74%
Ohio | Texas St Bobcats
70%
SMU Mustangs
70%
Army Black Knights
67%
Colorado Buffaloes
67%
Virginia Cavaliers
67%
Cal Golden Bears
67%
Virginia Tech Hokies
67%
UCF Knights
67%
Penn State Nittany Lions
67%
Colorado St Rams
67%
Texas Tech Red Raiders
67%
Rutgers Scarlet Knights
67%
Wisconsin Badgers
63%
Tulane Green Wave
63%
Charlotte 49ers
59%
Delaware Blue Hens
59%
Maryland Terrapins
59%
Utah Utes
59%
Georgia Tech Yellow Jackets
59%
New Mexico Lobos
56%
North Texas Mean Green
56%
Marshall Thundering Herd
56%
San Diego St Aztecs
52%
Vanderbilt Commodores
52%
Arkansas St Red Wolves
52%
Toledo Rockets
52%
UTEP Miners
48%
Wake Forest Demon Deacons
44%
Louisiana-Lafayette Ragin' Cajuns
44%
Miami (Ohio) RedHawks
44%
UTSA Roadrunners
44%
Central Michigan Chippewas
41%
JMU Dukes
37%
Liberty Flames
37%
Kent St Golden Flashes
33%
South Alabama Jaguars
33%
UMass Minutemen
33%
Coastal Carolina Chanticleers
30%
Western Kentucky Hilltoppers
30%
Old Dominion Monarchs
26%
UAB Blazers
22%
Louisiana-Monroe Warhawks
22%
Middle Tennessee St Blue Raiders
11%
No matching quizzes found
Score Distribution
Percent of People with Each Score
Percentile by Number Answered
Your Score History
You have not taken this quiz since the last reset